| 000 | 00531nam a2200169Ia 4500 | ||
|---|---|---|---|
| 008 | 240729s9999 xx 000 0 und d | ||
| 022 | _a2694-1473 | ||
| 245 | 0 | _aJournal of the Society for Clinical Data Management | |
| 260 | _aUnited States | ||
| 260 | _bSociety for Clinical Data Management | ||
| 650 | _a Computer applications to medicine. Medical informatics | ||
| 650 | _a Medicine (General) | ||
| 650 | _aMedicine | ||
| 856 | _uhttps://doaj.org/toc/8adf495d06b2435189a63b6fe477c871 | ||
| 942 | _2ddc | ||
| 942 | _cDOAJEJ | ||
| 999 |
_c66427 _d66427 |
||
| 945 |
_a1 _bMadushi Gamage _c1 _dMadushi Gamage |
||